000 00743nam a2200205Ii 4500
003 JO-AjNU
008 230605s9999||||xx |||||||||||||| ||und||
040 _aJO-AjNU
_bara
_erda
_cJO-AjNU
041 _aara
050 1 4 _aPJ6151 .A4254
100 3 _aتاليف عمايرة، خليل أحمد,
_eauthor
_916674
245 0 0 _aاسلوب التوكيد اللغوي في منهج وصفي في التحليل اللغوي
264 3 1 _aد.م: د.ن، د.ت
300 _a83ص
336 _atext
_btxt
_2rdacontent
337 _aunmediated
_bn
_2rdamedia
338 _avolume
_bnc
_2rdacarrier
490 0 _a دراسات و اراء في ضوء علم اللغة المعاصر؛ 6 
650 4 _aاللغة العربية - نحو
_916675
999 _aA4994
_c8562
_d8562